Welfare fees, welfare boards and platform capture in India’s Gig economy: The Karnataka experiment (Record no. 533791)
[ view plain ]
| 000 -LEADER | |
|---|---|
| fixed length control field | 01123nam a22001337a 4500 |
| 008 - FIXED-LENGTH DATA ELEMENTS--GENERAL INFORMATION | |
| fixed length control field | 260624b ||||| |||| 00| 0 eng d |
| 100 ## - MAIN ENTRY--PERSONAL NAME | |
| Personal name | Mahapatra, Sushanta Kumar, and Meher, Madan |
| 245 ## - TITLE STATEMENT | |
| Title | Welfare fees, welfare boards and platform capture in India’s Gig economy: The Karnataka experiment |
| 260 ## - PUBLICATION, DISTRIBUTION, ETC. (IMPRINT) | |
| Place of publication, distribution, etc | Economic & Political Weekly |
| 300 ## - PHYSICAL DESCRIPTION | |
| Extent | 61(23), Jun 6, 2026: p.27-29 |
| 520 ## - SUMMARY, ETC. | |
| Summary, etc | While Karnataka’s Platform-based Gig Workers (Social Security and Welfare) Act, 2025 aims to formalise precarious labour and guarantee insurance, pensions, and grievance mechanisms, its real-world impact remains uncertain. Platforms may shift the levy to workers via lower commissions or to consumers through higher prices, and compliance costs may disadvantage smaller aggregators, reinforcing market concentration. Karnataka’s experiment highlights both the promise and perils of subnational innovation in India’s gig economy. – Reproduced https://www.epw.in/journal/2026/23/commentary/welfare-fees-welfare-boards-and-platform-capture.html |
| 773 ## - HOST ITEM ENTRY | |
| Main entry heading | Economic & Political Weekly |
| 942 ## - ADDED ENTRY ELEMENTS (KOHA) | |
| Item type | Articles |
| Withdrawn status | Lost status | Source of classification or shelving scheme | Damaged status | Not for loan | Permanent location | Current location | Date acquired | Serial Enumeration / chronology | Barcode | Date last seen | Koha item type |
|---|---|---|---|---|---|---|---|---|---|---|---|
| Indian Institute of Public Administration | Indian Institute of Public Administration | 2026-06-24 | 61(23), Jun 6, 2026: p.27-29 | AR139253 | 2026-06-24 | Articles |
